| 000 | 00731nam a2200253 i 4500 | ||
|---|---|---|---|
| 003 | DO-SdBNP | ||
| 005 | 20240711115356.0 | ||
| 007 | ta | ||
| 008 | 240711s1968 ag 001 0 spa d | ||
| 040 |
_aDO-SdBNP _bspa _cBNPHU _erda |
||
| 082 |
_bM397 _222 |
||
| 100 |
_aMasnata de Quesada, David _eautor _986042 |
||
| 245 | 1 | 0 |
_aEl movimiento scout mundial / _cDavid Masnata de Quesada |
| 264 | 1 |
_aBuenos Aires, Argentina : _bScout Interamericana, _c1968. |
|
| 300 |
_a175 páginas ; _c24 cm. |
||
| 336 |
_2rdacontent _atexto _btxt |
||
| 337 |
_2rdamedia _asin mediación _bn |
||
| 338 |
_2rdacarrier _avolumen _bnc |
||
| 590 | _aInventariado, 2024/ DG | ||
| 700 | _985934 | ||
| 700 | _986038 | ||
| 910 | _aDG | ||
| 942 |
_2ddc _cLBS1 |
||
| 999 |
_c57266 _d57266 |
||